Welcome to the Holygrace Academy Library

Please use search bar below to get started

THE LIFE OF GALIKO (Record no. 7596)

MARC details
000 -LEADER
fixed length control field 00276nam a22001217a 4500
082 ## - DEWEY DECIMAL CLASSIFICATION NUMBER
Classification number 823
Item number BRE/T
100 ## - MAIN ENTRY--AUTHOR NAME
Personal name BRECHT, BERIOLT
245 ## - TITLE STATEMENT
Title THE LIFE OF GALIKO
260 ## - PUBLICATION, DISTRIBUTION, ETC. (IMPRINT)
Place of publication LONDON
Name of publisher OXFORD LONDON
Year of publication 1997
300 ## - PHYSICAL DESCRIPTION
Number of Pages 127
650 ## - SUBJECT ADDED ENTRY--TOPICAL TERM
Topical Term ENGLISH STORY
Geographic subdivision UNITED KINGDOM
942 ## - ADDED ENTRY ELEMENTS (KOHA)
Koha item type Books
Holdings
Withdrawn status Lost status Collection code Home library Current library Date acquired Source of acquisition Full call number Accession Number Koha item type
Withdrawn Damaged Item Fiction Main Library Main Library 12/03/2002 purchase 823 BRE/T 00765 Books